000 00662nam a2200217Ia 4500
005 20260601193238.0
008 260601s9999||||xx |||||||||||||| ||und||
020 _a978-981-97-1298-4
_qebk
100 _aDejian Liu
245 0 _aApplication of the Metaverse in Education
250 _a2024
260 _aHeidelberg, Germany
_bSpringer Nature
_c2024
440 _aSmart Computing and Intelligence
650 _aComputer Science
700 _aAhmed Hosny Saleh Metwally
700 _aAhmed Tlili
700 _aEmma Fan Lin
700 _aRonghuai Huang
856 _uhttps://link.springer.com/openurl?genre=book&isbn=978-981-97-1298-4
942 _cEB
_2ddc
999 _c56324
_d56324